[Event "18MCRE_F"]
[Site "?"]
[Date "2006.??.??"]
[Round "?"]
[White "Brousek, Jiri"]
[Black "Zatrapa, Petr"]
[Result "1/2-1/2"]
[WhiteElo "2315"]
[BlackElo "2320"]
[PlyCount "85"]
[EventDate "2006.??.??"]
[EventType "corr"]

1. d4 Nf6 2. Nf3 g6 3. Nc3 d5 4. Bf4 Bg7 5. e3 O-O 6. Be2 c5 7. Ne5 Nc6 8. O-O
cxd4 9. exd4 Bf5 10. Nxc6 bxc6 11. Na4 Nd7 12. Re1 e5 13. dxe5 Nxe5 14. Qd2 Re8
15. Rad1 Qh4 16. Nc5 h6 17. c3 Re7 18. Bg3 Qf6 19. f3 Rae8 20. Bf2 Qd6 21. Nb3
Qb8 22. Nd4 Qc8 23. b3 Bd7 24. Nc2 Bf5 25. Bc5 Bxc2 26. Qxc2 Re6 27. Bf2 Qd8
28. Bf1 a5 29. Kh1 Qf6 30. Qd2 Bf8 31. a4 Rb8 32. Bd4 c5 33. Bg1 Rxb3 34. Qxd5
Rxc3 35. Qd2 Nc4 36. Rxe6 fxe6 37. Bxc4 Rxc4 38. Qxa5 Rc2 39. Qa8 Qg5 40. f4
Qh5 41. Rd8 Qf5 42. a5 Rc1 43. Qc8 1/2-1/2

[Event "18MCRE_F"]
[Site "?"]
[Date "2006.??.??"]
[Round "?"]
[White "Privoznik, Lubos"]
[Black "Postl, Rostislav"]
[Result "1/2-1/2"]
[WhiteElo "2343"]
[BlackElo "2319"]
[PlyCount "78"]
[EventDate "2006.??.??"]
[EventType "corr"]

1. Nf3 Nf6 2. c4 e6 3. Nc3 d5 4. d4 Be7 5. Bf4 O-O 6. e3 c5 7. dxc5 Bxc5 8.
cxd5 Nxd5 9. Nxd5 exd5 10. a3 Nc6 11. Bd3 Bb6 12. O-O Bg4 13. h3 Bh5 14. b4 Re8
15. Rc1 a6 16. g4 Bg6 17. Bxg6 hxg6 18. Qb3 d4 19. Rfe1 dxe3 20. Bxe3 Bxe3 21.
Rxe3 Rxe3 22. Qxe3 Qd7 23. Re1 f6 24. Qe4 g5 25. h4 gxh4 26. g5 Rd8 27. gxf6
gxf6 28. Kh2 Kf8 29. Qg6 Qc7+ 30. Kh1 Qg7 31. Qh5 Ne7 32. Qxh4 Nf5 33. Qe4 Qh7+
34. Kg2 Qg6+ 35. Kf1 Qh5 36. Ng1 b5 37. Qc6 Rd6 38. Qb7 Rd1 39. Qa8+ Kg7
1/2-1/2

[Event "18MCRE_F"]
[Site "?"]
[Date "2006.??.??"]
[Round "?"]
[White "Glaser, Karel"]
[Black "Pravec, Ladislav"]
[Result "1/2-1/2"]
[WhiteElo "2159"]
[BlackElo "2401"]
[PlyCount "114"]
[EventDate "2006.??.??"]
[EventType "corr"]

1. e4 c5 2. Nf3 d6 3. d4 cxd4 4. Nxd4 Nf6 5. Nc3 a6 6. Be3 g6 7. Be2 Bg7 8. O-O
O-O 9. Qd2 Nc6 10. Rad1 Ng4 11. Bxg4 Bxg4 12. f3 Bd7 13. Nd5 b5 14. c3 Rc8 15.
Nxc6 Bxc6 16. Rfe1 Bxd5 17. exd5 Rc4 18. Kf2 Qc8 19. a3 Re8 20. Bg5 Be5 21. g3
a5 22. f4 Bd4+ 23. Kg2 b4 24. axb4 axb4 25. Rxe7 bxc3 26. bxc3 Bxc3 27. Qe2
Rxe7 28. Bxe7 Bb4 29. Kh1 Rc1 30. Rxc1 Qxc1+ 31. Kg2 Kg7 32. Bd8 Bc5 33. Ba5
Kf8 34. Qd3 Qg1+ 35. Kh3 Qh1 36. Bd8 Bg1 37. Qd2 Qe4 38. Qc3 Bd4 39. Qc4 Qf5+
40. Kg2 Bc5 41. Bg5 h5 42. Qb3 Qe4+ 43. Kh3 Kg7 44. Qc3+ Bd4 45. Qc4 Qf5+ 46.
Kg2 Bc5 47. Bd8 f6 48. Ba5 g5 49. Bd2 Kf7 50. Bc1 g4 51. Kf1 Qb1 52. Ke2 f5 53.
Be3 Qb2+ 54. Bd2 Qb7 55. Be3 Qe7 56. Qd3 Kg6 57. Kf2 Bb4 1/2-1/2

[Event "18MCRE_F"]
[Site "?"]
[Date "2006.??.??"]
[Round "?"]
[White "Pravec, Ladislav"]
[Black "Kuta, Jiri"]
[Result "1/2-1/2"]
[WhiteElo "2401"]
[BlackElo "2310"]
[PlyCount "94"]
[EventDate "2006.??.??"]
[EventType "corr"]

1. d4 Nf6 2. c4 g6 3. Nc3 Bg7 4. e4 d6 5. Be2 O-O 6. Nf3 e5 7. O-O Nc6 8. d5
Ne7 9. Ne1 Nd7 10. Nd3 f5 11. Bd2 Kh8 12. f3 c6 13. Be3 Nf6 14. b4 a5 15. bxa5
Qxa5 16. Qb3 c5 17. a4 Bd7 18. Bd2 Rab8 19. Rab1 Qa6 20. Nf2 Kg8 21. Qb6 Rfd8
22. Rb2 Qxb6 23. Rxb6 Nc8 24. Rb2 Ne7 25. a5 Ra8 26. Rxb7 Rxa5 27. f4 Ne8 28.
fxe5 Bxe5 29. exf5 gxf5 30. Bg5 Nf6 31. Nfe4 Bd4+ 32. Kh1 fxe4 33. Bxf6 Bxf6
34. Rxf6 Ra1+ 35. Rf1 Rxf1+ 36. Bxf1 e3 37. Nd1 Nf5 38. g4 e2 39. Bxe2 Nd4 40.
Bd3 Bxg4 41. Bxh7+ Kf8 42. Ne3 Bf3+ 43. Kg1 Re8 44. Kf2 Be4 45. h3 Bxh7 46.
Rxh7 Re4 47. Ra7 Rf4+ 1/2-1/2

[Event "18MCRE_F"]
[Site "?"]
[Date "2006.??.??"]
[Round "?"]
[White "Pytlik, Lesek"]
[Black "Laurenc, Petr"]
[Result "1/2-1/2"]
[WhiteElo "2387"]
[BlackElo "2484"]
[PlyCount "76"]
[EventDate "2006.??.??"]
[EventType "corr"]

1. e4 e5 2. Nf3 Nc6 3. Bc4 Bc5 4. c3 Nf6 5. d3 d6 6. O-O O-O 7. b4 Bb6 8. a4 a6
9. Bg5 h6 10. Bh4 g5 11. Bg3 g4 12. Nh4 Nh5 13. Kh1 Qg5 14. a5 Ba7 15. Qe2 Ne7
16. Na3 Kh8 17. Nc2 f5 18. exf5 Nxf5 19. Nxf5 Bxf5 20. Rae1 Rae8 21. Qd1 Bh7
22. d4 Bxc2 23. Qxc2 exd4 24. Rxe8 Rxe8 25. Bf7 Nxg3+ 26. fxg3 Rf8 27. cxd4 c6
28. Qe4 d5 29. Qe5+ Qxe5 30. dxe5 Bb8 31. e6 Bd6 32. Rf6 Bxb4 33. Rxh6+ Kg7 34.
Rg6+ Kh7 35. Rxg4 Bxa5 36. e7 Rxf7 37. Rh4+ Kg7 38. Rg4+ Kh6 1/2-1/2

[Event "18MCRE_F"]
[Site "?"]
[Date "2006.??.??"]
[Round "?"]
[White "Zatrapa, Petr"]
[Black "Zahour, Jiri"]
[Result "1/2-1/2"]
[WhiteElo "2321"]
[BlackElo "2320"]
[PlyCount "85"]
[EventDate "2006.??.??"]
[EventType "corr"]

1. e4 c5 2. Nf3 Nc6 3. d4 cxd4 4. Nxd4 Nf6 5. Nc3 e5 6. Ndb5 d6 7. Bg5 a6 8.
Na3 b5 9. Bxf6 gxf6 10. Nd5 Bg7 11. c3 f5 12. exf5 Bxf5 13. Nc2 O-O 14. Nce3
Be6 15. Bd3 f5 16. O-O Ra7 17. a4 Ne7 18. Nxe7+ Rxe7 19. axb5 axb5 20. Bxb5 d5
21. Ra6 Kh8 22. Qa4 f4 23. Nc2 Bc8 24. Ra8 Re6 25. Ra1 Rh6 26. Ne1 e4 27. Ba6
Rxa6 28. Qxa6 Bxa6 29. Rxd8 Rxd8 30. Rxa6 Kg8 31. Kf1 d4 32. cxd4 Rxd4 33. Ke2
Rb4 34. Ra8+ Bf8 35. Ra2 Rb3 36. Kd1 Rb4 37. Nc2 Rb3 38. Ra4 f3 39. Rxe4 fxg2
40. Rg4+ Kf7 41. Rxg2 Rxb2 42. Rg4 Be7 43. h3 1/2-1/2

[Event "18MCRE_F"]
[Site "?"]
[Date "2006.??.??"]
[Round "?"]
[White "Privoznik, Lubos"]
[Black "Zahour, Jiri"]
[Result "1/2-1/2"]
[WhiteElo "2343"]
[BlackElo "2320"]
[PlyCount "77"]
[EventDate "2006.??.??"]
[EventType "corr"]

1. Nf3 d5 2. g3 Nf6 3. Bg2 c6 4. O-O Bg4 5. c4 e6 6. d3 Bd6 7. Qb3 Qc7 8. Nc3
Nbd7 9. Be3 O-O 10. Rac1 dxc4 11. Qxc4 Bxf3 12. exf3 Ne5 13. Qd4 c5 14. Qh4
Nxd3 15. Rcd1 c4 16. Nb5 Qc6 17. Nxd6 Qxd6 18. Qxc4 Nxb2 19. Qd4 Qxd4 20. Rxd4
b6 21. Rb1 e5 22. Rb4 Nd3 23. R4b3 Rfd8 24. Bf1 Nc5 25. Bxc5 bxc5 26. Rc1 Rd5
27. Ba6 Rad8 28. Rb7 Rd1+ 29. Rxd1 Rxd1+ 30. Kg2 Kf8 31. Rxa7 Ne8 32. a4 Nd6
33. Be2 Rd2 34. Bf1 c4 35. Rc7 Ra2 36. Rd7 Rd2 37. Rc7 Ra2 38. Rd7 Rd2 39. Rc7
1/2-1/2

[Event "18MCRE_F"]
[Site "?"]
[Date "2006.??.??"]
[Round "?"]
[White "Sykora, Josef"]
[Black "Glaser, Karel"]
[Result "1/2-1/2"]
[WhiteElo "2389"]
[BlackElo "2215"]
[PlyCount "115"]
[EventDate "2006.??.??"]
[EventType "corr"]

1. e4 e5 2. Nf3 Nc6 3. Bb5 a6 4. Ba4 Nf6 5. O-O Be7 6. Re1 b5 7. Bb3 d6 8. c3
O-O 9. h3 Na5 10. Bc2 c5 11. d4 Qc7 12. Nbd2 cxd4 13. cxd4 Nc6 14. Nb3 a5 15.
Be3 a4 16. Nbd2 Nb4 17. Bb1 Bd7 18. a3 Nc6 19. Bd3 Qb8 20. Qe2 Na5 21. Rec1 Re8
22. Rab1 Bd8 23. b4 axb3 24. Nxb3 Nxb3 25. Rxb3 Ra5 26. Bd2 Ra4 27. d5 h6 28.
Rcb1 Qb7 29. Bb4 Qb6 30. Nh2 Be7 31. Nf1 Rb8 32. Ne3 Ne8 33. Qf3 Bg5 34. Nf5
Rba8 35. h4 Bd8 36. Rc1 Bxf5 37. Qxf5 Bxh4 38. Rc6 Qb7 39. Bxd6 Nxd6 40. Rxd6
Qe7 41. Rd7 Qf6 42. Qxf6 Bxf6 43. Bxb5 Rxe4 44. Bc6 Re1+ 45. Kh2 Rc8 46. f3 e4
47. fxe4 Rxe4 48. Rdb7 Be5+ 49. Kg1 Re2 50. Kf1 Ra2 51. a4 Rc7 52. Rb8+ Kh7 53.
Re8 f6 54. Re3 Kg6 55. Re2 Ra1+ 56. Re1 Ra2 57. Rd1 Kg5 58. Kg1 1/2-1/2

[Event "18MCRE_F"]
[Site "?"]
[Date "2006.??.??"]
[Round "?"]
[White "Laurenc, Petr"]
[Black "Toman, Antonin"]
[Result "1-0"]
[WhiteElo "2484"]
[BlackElo "2248"]
[PlyCount "59"]
[EventDate "2006.??.??"]
[EventType "corr"]

1. e4 e5 2. Nf3 Nc6 3. Bc4 Nf6 4. d3 Bc5 5. c3 a6 6. O-O d6 7. Bb3 Ba7 8. Re1
Qe7 9. Nbd2 Ng4 10. Re2 Bd7 11. Nf1 O-O-O 12. Ba4 h6 13. b4 Nb8 14. d4 g6 15.
Ng3 Qe8 16. Bxd7+ Nxd7 17. a4 Qe6 18. h3 Ngf6 19. d5 Qe8 20. a5 g5 21. Nh2 g4
22. Nxg4 Nxg4 23. hxg4 Nf6 24. Rb2 Qb5 25. Qf3 Nd7 26. Nf5 Kb8 27. Bxh6 Rc8 28.
g5 Ka8 29. Ne7 Rcd8 30. Qxf7 1-0

[Event "18MCRE_F"]
[Site "?"]
[Date "2006.??.??"]
[Round "?"]
[White "Valak, Alois"]
[Black "Sochor, Frantisek"]
[Result "0-1"]
[WhiteElo "2333"]
[BlackElo "2344"]
[PlyCount "132"]
[EventDate "2006.??.??"]
[EventType "corr"]

1. e4 c5 2. Nf3 d6 3. d4 cxd4 4. Nxd4 Nf6 5. Nc3 a6 6. f4 e5 7. Nf3 Nbd7 8. a4
Be7 9. Bc4 O-O 10. O-O Qb6+ 11. Kh1 exf4 12. a5 Qc5 13. Bd5 Ng4 14. Nd4 Ne3 15.
Bxe3 fxe3 16. Nf5 Bf6 17. e5 Nxe5 18. Ne4 Qa7 19. Nxf6+ gxf6 20. Ne7+ Kg7 21.
Ra4 Be6 22. Rh4 Rfe8 23. Qh5 Kf8 24. Nf5 Bxf5 25. Rxf5 e2 26. Qh6+ Ke7 27. Re4
Kd7 28. Qxf6 Re7 29. Qh4 Qc5 30. c4 Ng6 31. Qg4 e1=Q+ 32. Rf1+ Kc7 33. Rexe1
Rxe1 34. Rxe1 Qxa5 35. Qe4 f5 36. Qe6 Rd8 37. Rg1 Rd7 38. Qxf5 Ne7 39. Qc2 Nxd5
40. cxd5+ Kb6 41. Qe4 Ka7 42. b4 Qc7 43. Ra1 Qc3 44. Rg1 Qe5 45. Qc4 Re7 46.
Qh4 Re8 47. Qf2+ Kb8 48. Qf7 Rc8 49. h3 Rc4 50. b5 axb5 51. Qxh7 Qxd5 52. Qh8+
Kc7 53. Qg7+ Kc6 54. Qf8 Qe6 55. Ra1 b4 56. Rd1 d5 57. Rb1 b6 58. Qa8+ Kb5 59.
Ra1 Qc6 60. Qa4+ Kc5 61. Qa2 d4 62. Re1 Qd6 63. Qa6 d3 64. Qc8+ Kb5 65. Qe8+
Rc6 66. Qh5+ Rc5 0-1

[Event "18MCRE_F"]
[Site "?"]
[Date "2006.??.??"]
[Round "?"]
[White "Nejtek, Jiri"]
[Black "Kuta, Jiri"]
[Result "1/2-1/2"]
[WhiteElo "2360"]
[BlackElo "2310"]
[PlyCount "73"]
[EventDate "2006.??.??"]
[EventType "corr"]

1. e4 c5 2. Nf3 Nc6 3. d4 cxd4 4. Nxd4 Nf6 5. Nc3 e5 6. Ndb5 d6 7. Bg5 a6 8.
Na3 b5 9. Nd5 Be7 10. Bxf6 Bxf6 11. c3 Bb7 12. Nc2 Nb8 13. Nce3 Nd7 14. a4 bxa4
15. Nxf6+ Nxf6 16. Qxa4+ Kf8 17. f3 g6 18. Rd1 Qe7 19. Qa3 Ne8 20. Bc4 a5 21.
O-O Kg7 22. Rf2 Qc7 23. Bb5 Bc6 24. Bxc6 Qxc6 25. c4 Ra6 26. Rd5 Nc7 27. Rxa5
Rxa5 28. Qxa5 Ra8 29. Qc3 Ra1+ 30. Rf1 Ra2 31. g3 Qc5 32. Rf2 Qd4 33. Qc1 Ne6
34. Kg2 h5 35. Qb1 Ra6 36. Qe1 Ra2 37. Qc3 1/2-1/2

[Event "18MCRE_F"]
[Site "?"]
[Date "2006.??.??"]
[Round "?"]
[White "Prepiora, Vaclav"]
[Black "Pytlik, Lesek"]
[Result "1/2-1/2"]
[WhiteElo "2414"]
[BlackElo "2387"]
[PlyCount "96"]
[EventDate "2006.??.??"]
[EventType "corr"]

1. e4 e6 2. d4 d5 3. Nc3 Bb4 4. e5 c5 5. a3 Ba5 6. Qg4 Ne7 7. Qxg7 Rg8 8. Qxh7
cxd4 9. b4 Bc7 10. Nb5 a6 11. Nxc7+ Qxc7 12. Bb2 Qxe5+ 13. Ne2 Qc7 14. Bxd4 e5
15. Bc5 Bf5 16. Qh6 Be6 17. c4 dxc4 18. Nc3 Nd7 19. Bxe7 Kxe7 20. Qh4+ Nf6 21.
Ne4 Rg6 22. Be2 Rag8 23. Nxf6 Rxf6 24. O-O Qc6 25. g3 Rd8 26. Rae1 Rd4 27. Qh5
Qd5 28. f4 c3 29. Rc1 Rd2 30. Qxe5 Qxe5 31. fxe5 Rf5 32. Rxf5 Bxf5 33. Kf1 c2
34. Ke1 Rd4 35. Bf3 b6 36. Bc6 Rc4 37. Bb7 a5 38. bxa5 bxa5 39. Bd5 Rc3 40. Ba2
Rxa3 41. Bc4 f6 42. exf6+ Kxf6 43. Kd2 Ke5 44. g4 Be4 45. Re1 Kd4 46. Be6 a4
47. Rxe4+ Kxe4 48. Kxc2 Rh3 1/2-1/2

[Event "18MCRE_F"]
[Site "?"]
[Date "2006.??.??"]
[Round "?"]
[White "Toman, Antonin"]
[Black "Privoznik, Lubos"]
[Result "1/2-1/2"]
[WhiteElo "2248"]
[BlackElo "2343"]
[PlyCount "75"]
[EventDate "2006.??.??"]
[EventType "corr"]

1. e4 d6 2. d4 Nf6 3. Nc3 g6 4. f4 Bg7 5. Nf3 O-O 6. Bd3 Na6 7. O-O c5 8. d5
Bg4 9. a3 Nc7 10. Qe1 e6 11. dxe6 fxe6 12. Ng5 b5 13. Be3 Qd7 14. e5 Nfd5 15.
Nxd5 Nxd5 16. Nxh7 Kxh7 17. Qh4+ Kg8 18. Qxg4 Nxe3 19. Qxg6 Nf5 20. g4 dxe5 21.
gxf5 c4 22. Be2 Rxf5 23. Rad1 Qe8 24. Qg2 Rd8 25. fxe5 Rxe5 26. Kh1 Rxd1 27.
Rxd1 a6 28. c3 Qf7 29. Bf3 Qf6 30. Rg1 Kh8 31. Be4 Rh5 32. Bb7 Qf7 33. Bxa6 Bh6
34. Rf1 Rf5 35. Rd1 Rd5 36. Rf1 Rf5 37. Rd1 Rd5 38. Rxd5 1/2-1/2

[Event "18MCRE_F"]
[Site "?"]
[Date "2006.??.??"]
[Round "?"]
[White "Sykora, Josef"]
[Black "Prepiora, Vaclav"]
[Result "1/2-1/2"]
[WhiteElo "2389"]
[BlackElo "2414"]
[PlyCount "95"]
[EventDate "2006.??.??"]
[EventType "corr"]

1. e4 c5 2. Nf3 Nc6 3. d4 cxd4 4. Nxd4 Nf6 5. Nc3 d6 6. Bg5 e6 7. Qd2 Be7 8.
O-O-O O-O 9. Nb3 d5 10. Bxf6 Bxf6 11. exd5 Bxc3 12. Qxc3 exd5 13. g3 a5 14. a3
Bg4 15. f3 Bf5 16. Bd3 Bxd3 17. Qxd3 a4 18. Nd4 Ne5 19. Qb5 Nc4 20. f4 Qf6 21.
Rhe1 Rfd8 22. Re2 h6 23. c3 Qa6 24. Re7 Qxb5 25. Nxb5 b6 26. Nc7 Kf8 27. Re2
Ra5 28. Re4 Rc5 29. Nxd5 Nxb2 30. Kxb2 Rdxd5 31. Rxd5 Rxd5 32. Kc2 Rh5 33. h4
g5 34. fxg5 hxg5 35. Rxa4 f5 36. Rb4 gxh4 37. gxh4 Rh6 38. a4 Kf7 39. Kd3 Rc6
40. Kd4 Kf6 41. c4 Kg6 42. Ke5 Rc5+ 43. Ke6 Kh5 44. a5 Rxa5 45. Rxb6 Kxh4 46.
c5 f4 47. c6 Ra1 48. Rb4 1/2-1/2

[Event "18MCRE_F"]
[Site "?"]
[Date "2006.??.??"]
[Round "?"]
[White "Toman, Antonin"]
[Black "Prepiora, Vaclav"]
[Result "0-1"]
[WhiteElo "2248"]
[BlackElo "2414"]
[PlyCount "76"]
[EventDate "2006.??.??"]
[EventType "corr"]

1. e4 c5 2. b3 Nc6 3. Bb2 Nf6 4. Nc3 e6 5. Nf3 d5 6. exd5 exd5 7. Bb5 Bd6 8.
Qe2+ Be6 9. Ng5 Qe7 10. O-O-O O-O 11. Bxc6 bxc6 12. Rde1 Rfe8 13. Nxe6 fxe6 14.
g4 Qf7 15. g5 Nh5 16. Qa6 Qd7 17. g6 h6 18. Qe2 Nf4 19. Qg4 Re7 20. Ne2 Rf8 21.
d3 a5 22. Nc3 Rf6 23. Na4 Rxg6 24. Qd1 e5 25. Qd2 Qc7 26. Kb1 Rf6 27. h4 Ne6
28. Reg1 Ref7 29. Rg2 Kh8 30. h5 Rf4 31. Qe3 Qb8 32. Qd2 Nd4 33. Bc1 c4 34.
dxc4 dxc4 35. Bb2 cxb3 36. cxb3 c5 37. Rc1 Qb7 38. Rh2 c4 0-1

[Event "18MCRE_F"]
[Site "?"]
[Date "2006.??.??"]
[Round "?"]
[White "Sykora, Josef"]
[Black "Pytlik, Lesek"]
[Result "1/2-1/2"]
[WhiteElo "2389"]
[BlackElo "2387"]
[PlyCount "62"]
[EventDate "2006.??.??"]
[EventType "corr"]

1. e4 e5 2. Nf3 Nc6 3. Bb5 a6 4. Ba4 Nf6 5. O-O b5 6. Bb3 Bb7 7. d3 Bc5 8. a4
O-O 9. Nc3 b4 10. Nd5 Na5 11. Bg5 Nxb3 12. Bxf6 gxf6 13. cxb3 Kh8 14. d4 exd4
15. Rc1 d6 16. Nxd4 Re8 17. Rc4 Bxd4 18. Qxd4 c5 19. Qd3 a5 20. Qh3 Re5 21. Qh6
Bxd5 22. exd5 Rf5 23. Rd1 Qf8 24. Qh3 Re5 25. Rh4 Qg7 26. f4 Re4 27. Rg4 Qf8
28. Rf1 f5 29. Rg5 f6 30. Qxf5 fxg5 31. Qxe4 Re8 1/2-1/2

[Event "18MCRE_F"]
[Site "?"]
[Date "2006.??.??"]
[Round "?"]
[White "Nejtek, Jiri"]
[Black "Pravec, Ladislav"]
[Result "0-1"]
[WhiteElo "2360"]
[BlackElo "2401"]
[PlyCount "53"]
[EventDate "2006.??.??"]
[EventType "corr"]

1. e4 c5 2. Nf3 d6 3. d4 cxd4 4. Nxd4 Nf6 5. Nc3 a6 6. Be2 g6 7. O-O Bg7 8. a4
Nc6 9. Be3 O-O 10. Qd2 Bd7 11. f3 Rc8 12. Nxc6 Bxc6 13. a5 d5 14. e5 Nd7 15. f4
e6 16. Bd4 Qe7 17. Bf3 Rfe8 18. Na4 Bb5 19. Rfe1 Bh6 20. Nc3 Bc6 21. Ne2 Red8
22. Bc3 Qc5+ 23. Nd4 Bb5 24. Ra3 Nb8 25. b4 Qe7 26. g3 Bc4 27. h4 0-1

[Event "18MCRE_F"]
[Site "?"]
[Date "2006.??.??"]
[Round "?"]
[White "Zatrapa, Petr"]
[Black "Bucek, Jiri"]
[Result "0-1"]
[WhiteElo "2321"]
[BlackElo "2348"]
[PlyCount "102"]
[EventDate "2006.??.??"]
[EventType "corr"]

1. e4 c5 2. Nf3 d6 3. d4 cxd4 4. Nxd4 Nf6 5. Nc3 a6 6. f3 e5 7. Nb3 Be7 8. Be3
Be6 9. Qd2 Nbd7 10. g4 h6 11. O-O-O b5 12. Kb1 Qc7 13. h4 Nb6 14. Bxb6 Qxb6 15.
Nd5 Nxd5 16. exd5 Bd7 17. Bd3 a5 18. Nc1 b4 19. g5 a4 20. f4 a3 21. bxa3 bxa3+
22. Nb3 Rb8 23. Qc1 Qb4 24. f5 f6 25. gxh6 Rxh6 26. h5 Kf8 27. Rh2 Be8 28. Be2
Bd8 29. Rg1 Bb6 30. Rg4 Qc3 31. Qxa3 Bc5 32. Qb2 Qe3 33. Qc1 Bxh5 34. Qxe3 Bxe3
35. Rgg2 Be8 36. c4 Bf4 37. Rxh6 gxh6 38. Kc2 Ra8 39. Kb2 e4 40. Kb1 Be5 41.
Rg1 Bd7 42. Rf1 Ke7 43. Nd2 Rb8+ 44. Nb3 Rg8 45. Kc1 Rg2 46. Kd2 h5 47. Ke3 h4
48. Bd1 h3 49. Kxe4 h2 50. Rh1 Rf2 51. Na5 Bxf5+ 0-1

[Event "18MCRE_F"]
[Site "?"]
[Date "2006.??.??"]
[Round "?"]
[White "Valak, Alois"]
[Black "Toman, Antonin"]
[Result "1-0"]
[WhiteElo "2333"]
[BlackElo "2248"]
[PlyCount "65"]
[EventDate "2006.??.??"]
[EventType "corr"]

1. e4 e5 2. Nf3 Nc6 3. d4 exd4 4. Nxd4 Bc5 5. Be3 Qf6 6. c3 Nge7 7. Bc4 Ne5 8.
Be2 Qg6 9. O-O d6 10. f3 O-O 11. Nd2 d5 12. Kh1 Bb6 13. Bf4 Qf6 14. Bg3 Re8 15.
a4 c5 16. f4 N5c6 17. Nxc6 bxc6 18. f5 c4 19. Bh5 Qg5 20. Bf4 Qh4 21. a5 Bc5
22. Bg4 g5 23. Bg3 Qh6 24. Qe2 Bd6 25. Bxd6 Qxd6 26. e5 Qh6 27. b4 cxb3 28.
Nxb3 Rb8 29. Nc5 Rb5 30. e6 f6 31. Nd7 Qg7 32. Qe3 a6 33. Be2 1-0

[Event "18MCRE_F"]
[Site "?"]
[Date "2006.??.??"]
[Round "?"]
[White "Firla, Stanislav"]
[Black "Nejtek, Jiri"]
[Result "1/2-1/2"]
[WhiteElo "2362"]
[BlackElo "2360"]
[PlyCount "75"]
[EventDate "2006.??.??"]
[EventType "corr"]

1. d4 d5 2. c4 e6 3. g3 dxc4 4. Nf3 c5 5. Bg2 Nc6 6. O-O cxd4 7. Qa4 Bd7 8.
Qxc4 Qb6 9. Nbd2 Rc8 10. Qd3 Nb4 11. Qxd4 Nc2 12. Qxb6 axb6 13. Rb1 Bb5 14. Ne4
Bxe2 15. Bf4 Bxf1 16. Bxf1 Nb4 17. Bb5+ Nc6 18. Be5 Nh6 19. Rd1 Nf5 20. g4 Nh6
21. h3 f5 22. gxf5 Nxf5 23. Neg5 Ke7 24. Re1 Nxe5 25. Rxe5 Nd6 26. Rxe6+ Kd8
27. Ne5 Kc7 28. Bd3 g6 29. a4 Ra8 30. b3 Ra5 31. Kf1 Rd5 32. Be2 Rd2 33. Nef7
Rg8 34. Nxd6 Bxd6 35. Nxh7 Rg7 36. Nf6 Re7 37. Ne4 Rxe6 38. Nxd2 1/2-1/2

[Event "18MCRE_F"]
[Site "?"]
[Date "2006.??.??"]
[Round "?"]
[White "Zatrapa, Petr"]
[Black "Sykora, Josef"]
[Result "1/2-1/2"]
[WhiteElo "2321"]
[BlackElo "2389"]
[PlyCount "72"]
[EventDate "2006.??.??"]
[EventType "corr"]

1. e4 c6 2. d4 d5 3. Nc3 dxe4 4. Nxe4 Nd7 5. Nf3 Ngf6 6. Nxf6+ Nxf6 7. Ne5 Nd7
8. Bf4 Nxe5 9. Bxe5 Qd5 10. c4 Qa5+ 11. Qd2 Qxd2+ 12. Kxd2 Bf5 13. Bd3 Bxd3 14.
Kxd3 e6 15. Rad1 f6 16. Bg3 Kf7 17. Kc3 Be7 18. f3 Rhd8 19. b3 Rd7 20. Rd3 a5
21. Rhd1 g5 22. a4 h5 23. Bf2 h4 24. Kc2 Bd6 25. g3 hxg3 26. hxg3 Rh8 27. Be1
b6 28. g4 Rh2+ 29. R1d2 Rh1 30. Rd1 Ra7 31. Bc3 Rh3 32. c5 Rh2+ 33. R3d2 Rxd2+
34. Bxd2 bxc5 35. Be3 cxd4 36. Bxd4 c5 1/2-1/2

[Event "18MCRE_F"]
[Site "?"]
[Date "2006.??.??"]
[Round "?"]
[White "Prepiora, Vaclav"]
[Black "Zahour, Jiri"]
[Result "1/2-1/2"]
[WhiteElo "2414"]
[BlackElo "2320"]
[PlyCount "139"]
[EventDate "2006.??.??"]
[EventType "corr"]

1. e4 c5 2. Nf3 Nc6 3. d4 cxd4 4. Nxd4 Nf6 5. Nc3 e5 6. Ndb5 d6 7. Nd5 Nxd5 8.
exd5 Nb8 9. Bd3 a6 10. Nc3 Be7 11. Qh5 Nd7 12. O-O Nf6 13. Qf3 O-O 14. a4 Bg4
15. Qg3 Qd7 16. f4 Nh5 17. Qf2 exf4 18. Bxf4 Nxf4 19. Qxf4 Rae8 20. Qb4 Bd8 21.
Rf4 Bh5 22. Raf1 Bg5 23. Bf5 Qc7 24. Rc4 Be3+ 25. Kh1 Bc5 26. Ne4 Be2 27. Nf6+
gxf6 28. Qc3 Re5 29. Qg3+ Kh8 30. Qh4 Rxf5 31. Rxf5 Qd8 32. b4 Be3 33. Re4 Bg5
34. Qf2 Bh5 35. h4 Bg6 36. hxg5 fxg5 37. a5 h6 38. Re1 Bxf5 39. Qxf5 Kg7 40.
Rf1 Qe7 41. c4 f6 42. Qd3 Re8 43. Qf3 Rc8 44. Qc3 Qe5 45. Qd3 Rc7 46. Kg1 h5
47. Rc1 Qf4 48. Qc3 Re7 49. Rf1 Re3 50. Qa1 Qe5 51. Qxe5 fxe5 52. Rf5 Rc3 53.
c5 dxc5 54. Rxg5+ Kf6 55. Rxh5 cxb4 56. Rh7 Rd3 57. Rxb7 Rxd5 58. Rb6+ Kf7 59.
Rxb4 Rxa5 60. g4 Kf6 61. Kf2 Rb5 62. Rc4 a5 63. Rc6+ Kg5 64. Ke3 a4 65. Ra6 Rb4
66. Ra5 Kf6 67. g5+ Kf5 68. g6 Re4+ 69. Kd3 Rg4 70. g7 1/2-1/2

[Event "18MCRE_F"]
[Site "?"]
[Date "2006.??.??"]
[Round "?"]
[White "Laurenc, Petr"]
[Black "Zatrapa, Petr"]
[Result "1-0"]
[WhiteElo "2484"]
[BlackElo "2321"]
[PlyCount "69"]
[EventDate "2006.??.??"]
[EventType "corr"]

1. d4 Nf6 2. c4 g6 3. Nc3 Bg7 4. e4 d6 5. Nf3 O-O 6. Be2 e5 7. O-O Nc6 8. d5
Ne7 9. b4 Nh5 10. Re1 f5 11. Ng5 Nf6 12. f3 Nh5 13. c5 Nf4 14. Bc4 Kh8 15. Rb1
dxc5 16. bxc5 Nexd5 17. Bxf4 exf4 18. Nb5 h6 19. Qxd5 Qxg5 20. Nxc7 Rb8 21. Na6
Ra8 22. e5 Rd8 23. Qf7 bxa6 24. Kh1 Rf8 25. Qd5 Qe7 26. e6 Bc3 27. Re2 Bxe6 28.
Rxe6 Qg7 29. Qc6 Rfc8 30. Qxa6 Rab8 31. Rxb8 Rxb8 32. g3 Rb1+ 33. Kg2 Rb2+ 34.
Kh3 Kh7 35. Qd6 1-0

[Event "18MCRE_F"]
[Site "?"]
[Date "2006.??.??"]
[Round "?"]
[White "Pytlik, Lesek"]
[Black "Toman, Antonin"]
[Result "1/2-1/2"]
[WhiteElo "2387"]
[BlackElo "2248"]
[PlyCount "106"]
[EventDate "2006.??.??"]
[EventType "corr"]

1. e4 e5 2. Nf3 Nc6 3. Bc4 Nf6 4. d3 Bc5 5. c3 a6 6. O-O d6 7. Nbd2 Ba7 8. Bb3
O-O 9. h3 h6 10. Re1 Nh5 11. Nc4 Qf6 12. Ne3 Nf4 13. Nd5 Nxd5 14. exd5 Ne7 15.
Be3 Bxe3 16. Rxe3 Bd7 17. d4 Nf5 18. Re4 exd4 19. Nxd4 Rae8 20. Bc2 Rxe4 21.
Bxe4 Nxd4 22. Qxd4 Qxd4 23. cxd4 Re8 24. Bd3 Re7 25. Rc1 Bc8 26. b4 g5 27. a4
Kg7 28. f3 h5 29. Kf2 h4 30. g3 hxg3+ 31. Kxg3 f5 32. f4 Re3+ 33. Kg2 Rxd3 34.
Rxc7+ Kh6 35. Rxc8 Rd2+ 36. Kg3 Rxd4 37. fxg5+ Kxg5 38. h4+ Kf6 39. Rg8 Rd1 40.
Kg2 Rxd5 41. h5 f4 42. Rg6+ Kf5 43. Rg7 Ke4 44. Re7+ Kd3 45. h6 Rh5 46. h7 b5
47. axb5 axb5 48. Kf3 Rh4 49. Rd7 Kc3 50. Ke4 Kxb4 51. Kf5 f3 52. Kg6 Rh2 53.
Kg7 Rg2+ 1/2-1/2

[Event "18MCRE_F"]
[Site "?"]
[Date "2006.??.??"]
[Round "?"]
[White "Laurenc, Petr"]
[Black "Bucek, Jiri"]
[Result "0-1"]
[WhiteElo "2484"]
[BlackElo "2348"]
[PlyCount "80"]
[EventDate "2006.??.??"]
[EventType "corr"]

1. e4 c5 2. Nf3 d6 3. d4 cxd4 4. Nxd4 Nf6 5. Nc3 a6 6. Be2 e5 7. Nb3 Be7 8. O-O
O-O 9. Kh1 Nc6 10. f4 b5 11. Bf3 Bb7 12. Nd5 Rc8 13. a4 b4 14. a5 exf4 15. Ra4
g5 16. Bd2 Re8 17. Be1 Rb8 18. Bf2 Bc8 19. Bb6 Qd7 20. Nd2 Bd8 21. b3 Bb7 22.
Nxb4 Ne5 23. Bd4 Nxf3 24. gxf3 Nh5 25. Qe2 d5 26. e5 Rc8 27. Re1 f6 28. Qf2
fxe5 29. Bxe5 Qh3 30. Bd4 Ng3+ 31. Kg1 Bc7 32. Nd3 Nf5 33. Rxe8+ Rxe8 34. Bb6
Bb8 35. Rb4 Bc6 36. Bd4 Bd6 37. Bc5 Bxc5 38. Nxc5 Nh4 39. Nd3 d4 40. Qf1 Qe6
0-1

[Event "18MCRE_F"]
[Site "?"]
[Date "2006.??.??"]
[Round "?"]
[White "Nejtek, Jiri"]
[Black "Zatrapa, Petr"]
[Result "1/2-1/2"]
[WhiteElo "2360"]
[BlackElo "2321"]
[PlyCount "68"]
[EventDate "2006.??.??"]
[EventType "corr"]

1. e4 e5 2. Nf3 Nc6 3. Bb5 a6 4. Ba4 Nf6 5. O-O Be7 6. Re1 b5 7. Bb3 d6 8. c3
O-O 9. h3 Bb7 10. d4 Re8 11. Nbd2 Bf8 12. a3 h6 13. Bc2 Nb8 14. b4 Nbd7 15. Bb2
Rc8 16. a4 c6 17. c4 bxc4 18. dxe5 dxe5 19. Bc3 a5 20. bxa5 Ba6 21. Rb1 Qe7 22.
Qe2 Qe6 23. Red1 Bd6 24. Nf1 Nc5 25. Ng3 Nfd7 26. Nf5 Bf8 27. Qe3 Rb8 28. Rxb8
Rxb8 29. Nd2 Kh7 30. Qf3 Rb7 31. Ne3 Nd3 32. Qf5+ Qxf5 33. exf5 Nf4 34. Ba1
Ne2+ 1/2-1/2